000 00590nam a2200205Ia 4500
005 20250326142109.0
008 250326s9999 xx 000 0 und d
020 _a0-13-487174-X
037 _aTextbook
040 _aFMSL
_beng
_cFMSL
041 _aeng
_2eng
084 _aB28 M6
_qFMSL
100 _aLarsen Richard J
245 0 _aIntroduction to mathematical statistics and its applications
_cLarsen Richard J; Marx M L
250 _a2
260 _aNew Jersey
_bNew Jersey, Prentice Hall
_c1986
300 _a640p
942 _cTB
_hB28 M6
999 _c1293422
_d1293422